| 000 | 00718nam a22002057a 4500 | ||
|---|---|---|---|
| 005 | 20230523064327.0 | ||
| 008 | 230523b |||||||| |||| 00| 0 eng d | ||
| 020 | _a978-621-409-145-4 | ||
| 082 | _aFil. 570 G326 2019 | ||
| 100 |
_aGarcia, Rizaldy E. _eauthor |
||
| 245 |
_aGeneral biology 1 / _cRizaldy E. Garcia, Ryan Manuel D. Guido, Mirasol P. Garcia, Edilberto I. Perez |
||
| 260 |
_aMandaluyong City: _bBooks Atbp. Publishing, _cc2019 |
||
| 300 |
_avi, 132p.: _bill. |
||
| 504 | _aIncludes bibliographical references | ||
| 541 | _e7138 c.1, 7139 c.2, 7140 c.3 | ||
| 650 | _aBiology | ||
| 700 |
_aGuido, Ryan Manuel D. _eauthor |
||
| 700 |
_aGarcia, Mirasol P. _eauthor |
||
| 700 |
_aPerez, Edilberto I. _eauthor |
||
| 999 |
_c2148 _d2148 |
||